000 00500nam a2200169Ia 4500
008 090711s9999 xx 000 0 und d
082 _b19
100 _aकानसकर किसन
245 _aरातराणी
260 _bशांती पब्लिकेशन्स
_c2000
300 _a216
600 _aकानसकर किसन
630 _aरातराणी
700 _aकानसकर किसन
730 _aरातराणी
942 _cBOOK
999 _c336976
_d336976